The adventures of a rupee : Wherein are interspersed various anecdotes Asiatic and European.

Bibliographic Details
Main Author: Scott, Helenus, 1760-1821
Format: eBook
Language:English
Series:Eighteenth century collections online.
Online Access:Full text online

MARC

Tag First Indicator Second Indicator Subfields
LEADER 00000cam a2200000 4500
001 in00001925191
006 m | d |
007 cr |n||||||||n
008 791208s1782 enk|||| s 00||||eng d
005 20260414192227.3
035 |a (CStRLIN)ESTCT71896 
040 |a Uk-ES  |c Uk-ES  |d CStRLIN  |d Thomson Gale  |d UtOrBLW 
100 1 |a Scott, Helenus,  |d 1760-1821. 
245 1 4 |a The adventures of a rupee :  |b Wherein are interspersed various anecdotes Asiatic and European. 
264 3 |a London :  |b printed for J. Murray,  |c 1782. 
300 |a 4 unnumbered pages, ix, 1 unnumbered page, viii, 264p. ;  |c 12⁰. 
336 |a text  |b txt  |2 rdacontent 
337 |a computer  |b c  |2 rdamedia 
338 |a online resource  |b cr  |2 rdacarrier 
500 |a Anonymous. By Helenus Scott. 
500 |a With a half-title. 
500 |a Reproduction of original from the British Library. 
510 4 |a English Short Title Catalog,  |c ESTCT71896. 
533 |a Electronic reproduction.  |b Farmington Hills, Mich. :  |c Thomson Gale,  |d 2003.  |n Available via the World Wide Web.  |n Access limited by licensing agreements  |7 s2003 miunns 
500 |a Electronic resource. 
830 0 |a Eighteenth century collections online. 
856 4 0 |u http://proxy.library.tamu.edu/login?url=https://galenet.galegroup.com/servlet/ECCO?c=1&stp=Author&ste=11&af=BN&ae=T071896&tiPG=1&dd=0&dc=flc&docNum=CW113181653&vrsn=1.0&srchtp=a&d4=0.33&n=10&SU=0LRK&locID=txshracd2898  |z Full text online  |t 0 
999 |a MARS 
999 f f |s 8b9cccc9-cc0d-3e67-8dd0-b4966a6bcc5f  |i b728d722-78cb-38b9-b3c4-eef00ef97b61  |t 0 
952 f f |a Texas A&M University  |b College Station  |c Electronic Resources  |s www_evans  |d Available Online  |t 0  |h No information provided 
998 f f |t 0  |l Available Online